000 00312nam a2200121Ia 4500
008 191201s2008 xx 000 0 und d
100 _aPREDKO, Myke
245 0 _aProgramming and Customizing the 8051 Microcontroller
260 _aN. Delhi
_bTMH
_c2008
300 _a541
650 _aB.Tech(ECE)
942 _2ddc
_cBK
999 _c6359
_d6359